| 000 -ლიდერი |
| ფიქსირებული სიგრძის საკონტროლო ველი |
02121nam a2200337Ia 4500 |
| 001 - საკონტროლო ნომერი |
| საკონტროლო ველი |
17669 |
| 003 - საკონტროლო ნომრის იდენტიფიკატორი |
| საკონტროლო ველი |
GE_BSU |
| 005 - ბოლო ოპერაციის თარიღი და დრო |
| საკონტროლო ველი |
20200221160815.0 |
| 008 - ფიქსირებული სიგრძის მონაცემთა ელემენტები - ზოგადი ინფორმაცია |
| ფიქსირებული სიგრძის საკონტროლო ველი |
181216s2008 ge |||||||||||||| ||geo|| |
| 020 ## - წიგნის საერთაშორისო სტანდარტული ნომერი |
| International Standard Book Number |
9789994017799 |
| 040 ## - კატალოგიზაციის წყარო |
| Transcribing agency |
GE_BSU |
| 041 ## - ენის კოდი |
| Language code of text/sound track or separate title |
geo |
| 080 ## - უნივერსალური ათობითი კლასიფიკაციის ინდექსი |
| Universal Decimal Classification number |
342.727 გ-74 |
| 100 ## - მთავარი ჩანაწერი - პიროვნების სახელი |
| Personal name |
გოცირიძე, ევა |
| 9 (RLIN) |
203 |
| 245 ## - ცნობა სათაურის შესახებ |
| Title |
გამოხატვის თავისუფლება ღირებულებათა კონფლიქტში = Freedom of expression with the conflicts of values :ადამიანის უფლებათა ევროპული კონვენციისა და სტრასბურგის სასამართლოს იურისპრუდენციის მიხედვით / |
| Statement of responsibility, etc |
ევა გოცირიძე ; რედ. ლევან ალექსიძე. |
| 260 ## - გამოქვეყნების, გავრცელების, და სხვა. ცნობები |
| Place of publication, distribution, etc |
თბილისი : |
| 260 ## - გამოქვეყნების, გავრცელების, და სხვა. ცნობები |
| Name of publisher, distributor, etc |
ჯისიაი |
| 264 ## - წარმოების, გამოცემის, დისტრიბუციის და სხვა ცნობები |
| გამოცემის, წარმოების, დისტრიბუციის... ადგილი |
თბილისი : |
| გამოცემის, წარმოების, დისტრიბუციის... სახელწოდება |
ჯისიაი, |
| გამოცემის, წარმოების, დისტრიბუციის... თარიღი |
2008. |
| 300 ## - ფიზიკური აღწერა |
| Extent |
636 გვ. ; |
| Dimensions |
24 სმ. |
| 300 ## - ფიზიკური აღწერა |
| Other physical details |
რეზ. ინგლ.. - ბიბლიოგრ. ტექსტ. შენიშვნ. და გვ. 618-630. |
| 504 ## - BIBLIOGRAPHY, ETC. NOTE |
| Bibliography, etc |
ბიბლიოგრ. ტექსტ. შენიშვნ. და გვ. 618-630. |
| 546 ## - LANGUAGE NOTE |
| Language note |
რეზ. ინგლისურ ენაზე. |
| 653 ## - INDEX TERM--UNCONTROLLED |
| Uncontrolled term |
სამართალი |
| 653 ## - INDEX TERM--UNCONTROLLED |
| Uncontrolled term |
გამოხატვის თავისუფლება |
| 653 ## - INDEX TERM--UNCONTROLLED |
| Uncontrolled term |
ადამიანის ძირითადი უფლებები |
| 653 ## - INDEX TERM--UNCONTROLLED |
| Uncontrolled term |
ადამიანის უფლებათა ევროპული კონვენცია |
| 700 ## - ADDED ENTRY--PERSONAL NAME |
| Relator term |
რედაქტორი |
| 9 (RLIN) |
204 |
| Personal name |
ალექსიძე, ლევან |
| 710 ## - ADDED ENTRY--CORPORATE NAME |
| Corporate name or jurisdiction name as entry element |
ივ. ჯავახიშვილის თბილისის სახელმწიოფო უნივერსიტეტი |
| 9 (RLIN) |
213 |
| 710 ## - ADDED ENTRY--CORPORATE NAME |
| Corporate name or jurisdiction name as entry element |
საერთაშორისო სამართლის ინსტიტუტი |
| 9 (RLIN) |
242 |
| 942 ## - ADDED ENTRY ELEMENTS (KOHA) |
| Koha item type |
წიგნი |
| Source of classification or shelving scheme |
|